[Event "10. Copenhagen Open"]
[Site "Copenhagen"]
[Date "1988.??.??"]
[Round "1"]
[White "Andreasson, Ingvar"]
[Black "Barbero, Gerardo F"]
[Result "1/2-1/2"]
[WhiteElo "2335"]
[BlackElo "2505"]
[PlyCount "75"]
[EventDate "1988.??.??"]
[EventType "swiss"]
[EventRounds "10"]
[EventCountry "DEN"]
[SourceDate "2004.01.01"]

1. Nf3 Nf6 2. g3 d5 3. Bg2 g6 4. b4 c6 5. Bb2 a5 6. bxa5 Qxa5 7. O-O Bg7 8. d3
O-O 9. Nbd2 Nbd7 10. c4 Re8 11. cxd5 cxd5 12. a4 e5 13. Ra2 e4 14. Nb3 exf3 15.
Nxa5 fxg2 16. Kxg2 Rxa5 17. Bd4 Ra6 18. Qb3 Rae6 19. a5 Nb8 20. a6 Rxa6 21.
Rxa6 Nxa6 22. Qb2 Nh5 23. Rc1 Bxd4 24. Qxd4 Be6 25. Qb6 Nf6 26. Qxb7 Nb8 27. d4
Kg7 28. f3 h5 29. h4 Bf5 30. Kf2 Nbd7 31. Rc8 Rxc8 32. Qxc8 Nf8 33. Qc7 N8d7
34. Qd6 Kg8 35. Ke3 Kg7 36. Kd2 Kg8 37. Ke3 Kg7 38. Kd2 1/2-1/2

[Event "10. Copenhagen Open"]
[Site "Copenhagen"]
[Date "1988.??.??"]
[Round "1"]
[White "Bang, Andreas"]
[Black "Hansen, Lars Bo"]
[Result "0-1"]
[WhiteElo "2250"]
[BlackElo "2365"]
[PlyCount "74"]
[EventDate "1988.??.??"]
[EventType "swiss"]
[EventRounds "10"]
[EventCountry "DEN"]
[SourceDate "2004.01.01"]

1. Nf3 Nf6 2. c4 e6 3. Nc3 Bb4 4. g3 b6 5. Bg2 Bb7 6. O-O Bxc3 7. bxc3 O-O 8.
d3 d6 9. e4 Nbd7 10. Qe2 e5 11. Ne1 Bc6 12. f4 b5 13. cxb5 Bxb5 14. Be3 c6 15.
g4 exf4 16. Rxf4 Ne5 17. g5 Nfd7 18. Qh5 Ng6 19. Rf2 Nde5 20. d4 Nc4 21. Qf3
Qa5 22. Rc1 Rae8 23. Qg3 Re7 24. Nd3 Nxe3 25. Qxe3 Bxd3 26. Qxd3 Qxg5 27. Rcf1
Nh4 28. Kh1 Qg6 29. Bh3 Qxe4+ 30. Qxe4 Rxe4 31. Bd7 c5 32. dxc5 dxc5 33. Rf4
Rxf4 34. Rxf4 Rd8 35. Bg4 g5 36. Rf6 Kg7 37. Rc6 Rd2 0-1

[Event "10. Copenhagen Open"]
[Site "Copenhagen"]
[Date "1988.??.??"]
[Round "1"]
[White "Bjerring, Kai"]
[Black "Riemersma, Liafbern"]
[Result "1/2-1/2"]
[WhiteElo "2305"]
[BlackElo "2420"]
[PlyCount "58"]
[EventDate "1988.??.??"]
[EventType "swiss"]
[EventRounds "10"]
[EventCountry "DEN"]
[SourceDate "2004.01.01"]

1. e4 c5 2. Nf3 Nc6 3. d4 cxd4 4. Nxd4 Nf6 5. Nc3 e5 6. Ndb5 d6 7. Bg5 a6 8.
Na3 b5 9. Nd5 Be7 10. Bxf6 Bxf6 11. c3 Bg5 12. Nc2 Rb8 13. a4 bxa4 14. Ncb4 Bd7
15. Bxa6 Nxb4 16. Nxb4 O-O 17. O-O Rb6 18. Bd3 d5 19. exd5 Be7 20. Nc6 Bxc6 21.
dxc6 a3 22. bxa3 Rxc6 23. Be4 Rxc3 24. Qh5 g6 25. Qxe5 Rxa3 26. Rfd1 Bd6 27.
Rxa3 Bxe5 28. Rxd8 Rxd8 29. Ra8 Rxa8 1/2-1/2

[Event "10. Copenhagen Open"]
[Site "Copenhagen"]
[Date "1988.??.??"]
[Round "1"]
[White "Callergard, Robert"]
[Black "Vaganian, Rafael A"]
[Result "0-1"]
[WhiteElo "2340"]
[BlackElo "2625"]
[PlyCount "80"]
[EventDate "1988.??.??"]
[EventType "swiss"]
[EventRounds "10"]
[EventCountry "DEN"]
[SourceDate "2004.01.01"]

1. d4 Nf6 2. Nf3 g6 3. g3 c5 4. Bg2 Qa5+ 5. Bd2 Qb6 6. dxc5 Qxc5 7. Bc3 Bg7 8.
O-O O-O 9. Nbd2 Qc7 10. e4 Nc6 11. Re1 b5 12. Nd4 Nxd4 13. e5 Nd5 14. Bxd4 Bb7
15. c3 Bc6 16. f4 Nb6 17. Ne4 Rac8 18. Qd3 Rfd8 19. Rad1 Nc4 20. Qe2 Bxe4 21.
Bxe4 e6 22. Kg2 Bf8 23. h4 Bc5 24. h5 d6 25. hxg6 hxg6 26. exd6 Rxd6 27. Bf6
Rxd1 28. Rxd1 Be7 29. Bd4 Bf8 30. Bxg6 e5 31. Bh7+ Kxh7 32. Qh5+ Bh6 33. Qf5+
Kg8 34. fxe5 Qc6+ 35. Kf2 Rd8 36. Re1 Qe6 37. g4 Nxb2 38. Rh1 Kg7 39. Qf6+
Qxf6+ 40. exf6+ Kg6 0-1

[Event "10. Copenhagen Open"]
[Site "Copenhagen"]
[Date "1988.??.??"]
[Round "1"]
[White "Clausen, Steen"]
[Black "Jadoul, Michel"]
[Result "0-1"]
[WhiteElo "2270"]
[BlackElo "2400"]
[PlyCount "65"]
[EventDate "1988.??.??"]
[EventType "swiss"]
[EventRounds "10"]
[EventCountry "DEN"]
[SourceDate "2004.01.01"]

1. d4 c6 2. c4 b5 3. b3 Nf6 4. Nf3 g6 5. e3 Bg7 6. Bd3 O-O 7. O-O bxc4 8. bxc4
c5 9. Nbd2 Nc6 10. Rb1 cxd4 11. exd4 d5 12. c5 Qc7 13. Re1 Rd8 14. h3 Nh5 15.
Nb3 Rb8 16. Bf1 Bf5 17. Rb2 Nf4 18. g3 Ne6 19. Rd2 a5 20. a4 Rb4 21. Bb5 Be4
22. Bxc6 Qxc6 23. Rxe4 dxe4 24. d5 Rxd5 25. Rxd5 exf3 26. Rd8+ Nf8 27. Bd2 Rxa4
28. Nxa5 Qb5 29. c6 Ra1 30. Qxa1 Bxa1 31. c7 Qb1+ 32. Kh2 Qf1 33. Rxf8+ 0-1

[Event "10. Copenhagen Open"]
[Site "Copenhagen"]
[Date "1988.??.??"]
[Round "1"]
[White "Djurhuus, Rune"]
[Black "Conquest, Stuart"]
[Result "0-1"]
[WhiteElo "2315"]
[BlackElo "2315"]
[PlyCount "92"]
[EventDate "1988.??.??"]
[EventType "swiss"]
[EventRounds "10"]
[EventCountry "DEN"]
[SourceDate "2004.01.01"]

1. e4 c5 2. Nf3 d6 3. Bb5+ Nd7 4. d4 Ngf6 5. Nc3 cxd4 6. Qxd4 e5 7. Qd3 h6 8.
Be3 Be7 9. Bc4 a6 10. a4 b6 11. Nh4 g6 12. O-O Bb7 13. Nf3 Kf8 14. Nd5 Kg7 15.
Nxe7 Qxe7 16. Nd2 Rhd8 17. f3 Nc5 18. Bxc5 dxc5 19. Qe2 Bc6 20. Rfd1 Qe8 21.
Bxa6 Bxa4 22. Bd3 Bc6 23. Qe3 Qe7 24. b4 Nd7 25. b5 Bb7 26. Nc4 Qf6 27. Rxa8
Rxa8 28. Bf1 Bc8 29. Nd6 Qe7 30. Bc4 Nf8 31. Nxf7 g5 32. Qd3 Ng6 33. Qd5 Bb7
34. Qd7 Ra1 35. Kf2 Rxd1 36. Qxd1 Bc8 37. Nd6 Bd7 38. Qd5 Qf8 39. Qb7 Qxd6 40.
Bd5 Ne7 41. c4 Kg6 42. g3 Nxd5 43. exd5 e4 44. fxe4 Qf6+ 45. Ke1 Qc3+ 46. Kf2
Qd2+ 0-1

[Event "10. Copenhagen Open"]
[Site "Copenhagen"]
[Date "1988.??.??"]
[Round "1"]
[White "Hansen, Soren Bech"]
[Black "Berg, Klaus"]
[Result "1-0"]
[WhiteElo "2255"]
[BlackElo "2370"]
[PlyCount "125"]
[EventDate "1988.??.??"]
[EventType "swiss"]
[EventRounds "10"]
[EventCountry "DEN"]
[SourceDate "2004.01.01"]

1. e4 c6 2. d4 d5 3. Nc3 dxe4 4. Nxe4 Bf5 5. Ng3 Bg6 6. h4 h6 7. Nf3 Nd7 8. h5
Bh7 9. Bd3 Bxd3 10. Qxd3 e6 11. Bd2 Ngf6 12. O-O-O Qc7 13. Qe2 O-O-O 14. Ne5
Nb6 15. Ba5 Rd5 16. Bxb6 axb6 17. c4 Rd8 18. Kb1 c5 19. dxc5 Bxc5 20. Nd3 Bd4
21. Ne4 Rd7 22. Nxf6 gxf6 23. Nb4 Qc5 24. Nd3 Qc6 25. g4 Kb8 26. Rc1 Rhd8 27.
Rhd1 Qa4 28. Qc2 Qxc2+ 29. Kxc2 Kc7 30. b3 Rd6 31. Rf1 Kd7 32. Rcd1 Ke7 33. Nb4
Bc5 34. Rxd6 Bxd6 35. Nd3 Rg8 36. f3 f5 37. gxf5 exf5 38. Kd2 Rg2+ 39. Rf2 Rg5
40. Ke3 Rxh5 41. Re2 Kf6 42. Nf4 Bxf4+ 43. Kxf4 Rh4+ 44. Ke3 h5 45. Rd2 Ke6 46.
Rd5 Rh2 47. Rb5 Rxa2 48. Rxb6+ Ke7 49. Rxb7+ Kf6 50. Kf4 Kg6 51. Rb8 Rb2 52. c5
Rc2 53. b4 h4 54. Ke5 f6+ 55. Kd6 Rd2+ 56. Kc6 Kg5 57. Rh8 Rd3 58. b5 Rxf3 59.
b6 Rb3 60. b7 f4 61. b8=Q Rxb8 62. Rxb8 f3 63. Rb1 1-0

[Event "10. Copenhagen Open"]
[Site "Copenhagen"]
[Date "1988.??.??"]
[Round "1"]
[White "Hvenekilde, Jorgen"]
[Black "Inkiov, Ventzislav"]
[Result "1/2-1/2"]
[WhiteElo "2320"]
[BlackElo "2490"]
[PlyCount "127"]
[EventDate "1988.??.??"]
[EventType "swiss"]
[EventRounds "10"]
[EventCountry "DEN"]
[SourceDate "2004.01.01"]

1. d4 Nf6 2. Nf3 e6 3. Bg5 d5 4. e3 c5 5. Nbd2 Nbd7 6. c3 Qb6 7. Qc2 Bd6 8. Be2
h6 9. Bh4 Qc7 10. O-O b6 11. Bg3 Bb7 12. Rfe1 O-O 13. Bd3 Bxg3 14. hxg3 a6 15.
Rad1 Rfe8 16. Qb1 e5 17. dxe5 Nxe5 18. Nxe5 Qxe5 19. Bf5 Rad8 20. g4 Qc7 21. f3
g6 22. Bc2 Kg7 23. Nf1 Re6 24. Qc1 Rde8 25. Qd2 a5 26. Qf2 b5 27. a3 a4 28. Bb1
Qe5 29. Rd2 h5 30. f4 Qc7 31. gxh5 Nxh5 32. f5 gxf5 33. Qxf5 Rh8 34. Rf2 Qe7
35. Rd1 Re5 36. Qd3 Qh4 37. Rf5 Rxf5 38. Qxf5 Nf6 39. Qf4 Qxf4 40. exf4 Re8 41.
Bf5 Re2 42. Rd2 Rxd2 43. Nxd2 Nh5 44. Bd7 Ba6 45. f5 Nf4 46. Bc6 Kf6 47. g3 Nd3
48. Bxd5 Nxb2 49. g4 Nd3 50. Nf3 Nf4 51. g5+ Kxf5 52. Bxf7 Bb7 53. g6 Nxg6 54.
Bxg6+ Kxg6 55. Ne5+ Kf5 56. Nd3 Bc8 57. Kf2 Ke4 58. Ke2 Kd5 59. Nb2 b4 60. cxb4
cxb4 61. Nxa4 bxa3 62. Kd3 Bd7 63. Kc2 Bxa4+ 64. Kb1 1/2-1/2

[Event "10. Copenhagen Open"]
[Site "Copenhagen"]
[Date "1988.??.??"]
[Round "1"]
[White "Jacobsen, Bo"]
[Black "Hoi, Carsten"]
[Result "0-1"]
[WhiteElo "2280"]
[BlackElo "2405"]
[PlyCount "117"]
[EventDate "1988.??.??"]
[EventType "swiss"]
[EventRounds "10"]
[EventCountry "DEN"]
[SourceDate "2004.01.01"]

1. g3 Nf6 2. f4 g6 3. Nf3 Bg7 4. Bg2 O-O 5. Nc3 d5 6. d3 Nc6 7. O-O Bg4 8. Ne5
Nxe5 9. fxe5 Nd7 10. h3 Be6 11. d4 c5 12. e3 f6 13. Nxd5 fxe5 14. Rxf8+ Nxf8
15. dxc5 e4 16. Bxe4 Bxh3 17. Qd3 e5 18. Bg2 Bxg2 19. Kxg2 e4 20. Qc4 Kh8 21.
Bd2 Qd7 22. Bc3 Rd8 23. Nf6 Qe6 24. Qxe4 Qxe4+ 25. Nxe4 Bxc3 26. bxc3 Ne6 27.
Kf3 Kg7 28. a4 h5 29. a5 Rc8 30. a6 bxa6 31. Rxa6 Nxc5 32. Rxa7+ Kh6 33. Nxc5
Rxc5 34. Ra3 Kg5 35. e4 Rc8 36. Ra5+ Kf6 37. Ra6+ Kg5 38. Ra5+ Kf6 39. Ra3 Kg5
40. Rb3 Rc7 41. Ke3 Kg4 42. Kd4 Kxg3 43. c4+ Kf4 44. c5 g5 45. Rb8 g4 46. e5 g3
47. e6 Rg7 48. Rf8+ Kg4 49. Rf7 Rg8 50. e7 g2 51. Rf8 g1=Q+ 52. Kc4 Rg5 53.
e8=Q Rxc5+ 54. Kd3 Qd1+ 55. Ke4 Qxc2+ 56. Kd4 Qc3+ 57. Ke4 Rc4+ 58. Kd5 Rd4+
59. Ke6 0-1

[Event "10. Copenhagen Open"]
[Site "Copenhagen"]
[Date "1988.??.??"]
[Round "1"]
[White "Kaspersen, Morten"]
[Black "Stein, Bernd"]
[Result "0-1"]
[WhiteElo "2250"]
[BlackElo "2365"]
[PlyCount "74"]
[EventDate "1988.??.??"]
[EventType "swiss"]
[EventRounds "10"]
[EventCountry "DEN"]
[SourceDate "2004.01.01"]

1. d4 Nf6 2. c4 e6 3. Nf3 c5 4. e3 cxd4 5. exd4 d5 6. Nc3 Be7 7. Bd3 dxc4 8.
Bxc4 O-O 9. O-O Nbd7 10. Re1 a6 11. Bb3 b5 12. d5 Nc5 13. Nd4 Nxb3 14. Qxb3 Bc5
15. Nc6 Qd6 16. Be3 Bxe3 17. Rxe3 Bb7 18. a4 Nxd5 19. Nxd5 Bxc6 20. Nc3 bxa4
21. Nxa4 Rab8 22. Qc2 Bxa4 23. Qxa4 Rxb2 24. g3 Ra8 25. Qe4 Rab8 26. Rea3 Rb1+
27. Rxb1 Rxb1+ 28. Qxb1 Qxa3 29. Qb8+ Qf8 30. Qa7 Qc8 31. h4 h5 32. Kf1 g6 33.
Ke2 Qc4+ 34. Ke3 Qc3+ 35. Kf4 a5 36. Kg5 Kg7 37. Kf4 e5+ 0-1

[Event "10. Copenhagen Open"]
[Site "Copenhagen"]
[Date "1988.??.??"]
[Round "1"]
[White "Kruszynski, Wlodzimierz"]
[Black "Kupreichik, Victor"]
[Result "0-1"]
[WhiteElo "2335"]
[BlackElo "2510"]
[PlyCount "74"]
[EventDate "1988.??.??"]
[EventType "swiss"]
[EventRounds "10"]
[EventCountry "DEN"]
[SourceDate "2004.01.01"]

1. e4 c5 2. Nf3 d6 3. d4 cxd4 4. Nxd4 Nf6 5. Nc3 a6 6. Be3 Nc6 7. Qd2 e6 8. f3
Be7 9. O-O-O Qc7 10. g4 b5 11. g5 Nd7 12. Nxc6 Qxc6 13. Qd4 O-O 14. h4 Re8 15.
h5 Bf8 16. g6 fxg6 17. hxg6 h6 18. Bh3 Ne5 19. f4 Nc4 20. Kb1 b4 21. Ne2 Bb7
22. Ng3 d5 23. exd5 exd5 24. Bc1 Bc5 25. Qd3 Be3 26. Nh5 Re4 27. Bf5 Re7 28.
Qb3 a5 29. Rhe1 Qc5 30. Qd3 Rae8 31. Bxe3 Nxe3 32. Rc1 d4 33. Qb3+ Bd5 34. Qa4
Bc6 35. Qb3+ Kh8 36. Ng3 Nxf5 37. Rxe7 Rxe7 0-1

[Event "10. Copenhagen Open"]
[Site "Copenhagen"]
[Date "1988.??.??"]
[Round "1"]
[White "Lffler, Stefan"]
[Black "Horvath, Tamas"]
[Result "1-0"]
[WhiteElo "2290"]
[BlackElo "2415"]
[PlyCount "79"]
[EventDate "1988.??.??"]
[EventType "swiss"]
[EventRounds "10"]
[EventCountry "DEN"]
[SourceDate "2004.01.01"]

1. d4 c5 2. d5 g6 3. e4 Bg7 4. h4 h5 5. Nf3 Nf6 6. Nc3 d6 7. Bb5+ Bd7 8. a4 O-O
9. Ng5 Na6 10. Bf4 Nc7 11. Be2 a6 12. e5 Ng4 13. exd6 exd6 14. Nge4 Ne8 15. Qd2
Ne5 16. Bg5 f6 17. Bh6 Qe7 18. O-O Bxh6 19. Qxh6 Ng7 20. Ng3 Bf5 21. Rfe1 Rae8
22. Qd2 Qd8 23. a5 Re7 24. Nce4 Bxe4 25. Nxe4 Nf5 26. Qf4 Qd7 27. c3 Kg7 28. g3
Rfe8 29. Kg2 Nf7 30. f3 Re5 31. Bc4 Qe7 32. Kf2 N5h6 33. Qd2 f5 34. Ng5 Nxg5
35. hxg5 Nf7 36. f4 Re4 37. Bd3 Rxe1 38. Rxe1 Qxe1+ 39. Qxe1 Rxe1 40. Kxe1 1-0

[Event "10. Copenhagen Open"]
[Site "Copenhagen"]
[Date "1988.??.??"]
[Round "1"]
[White "Nerlov, Claus"]
[Black "Jakobsen, Ole"]
[Result "0-1"]
[WhiteElo "2265"]
[BlackElo "2385"]
[PlyCount "74"]
[EventDate "1988.??.??"]
[EventType "swiss"]
[EventRounds "10"]
[EventCountry "DEN"]
[SourceDate "2004.01.01"]

1. e4 Nf6 2. e5 Nd5 3. d4 d6 4. Nf3 g6 5. Bc4 c6 6. exd6 Qxd6 7. O-O Bg7 8.
Nbd2 O-O 9. Ne4 Qc7 10. Re1 Bg4 11. c3 Nd7 12. Neg5 N7b6 13. Bb3 Rad8 14. Qe2
h6 15. h3 Bxf3 16. Nxf3 e6 17. h4 c5 18. dxc5 Qxc5 19. a4 a5 20. Qe4 Nd7 21.
Nd4 N7f6 22. Qf3 Rfe8 23. Bd2 e5 24. Nb5 e4 25. Qg3 Nh5 26. Qg4 Kh7 27. Nd4 f5
28. Qe2 Ndf4 29. Qb5 Qc7 30. Re3 Re5 31. Qc4 Rc5 32. Qf7 Qb6 33. Rg3 Rc7 34.
Rxg6 Qxg6 35. Qxg6+ Kxg6 36. Bxf4 Nxf4 37. g3 Bxd4 0-1

[Event "10. Copenhagen Open"]
[Site "Copenhagen"]
[Date "1988.??.??"]
[Round "1"]
[White "Nilsson, Nils Specht"]
[Black "Welling, Gerard"]
[Result "1/2-1/2"]
[WhiteElo "2230"]
[BlackElo "2355"]
[PlyCount "80"]
[EventDate "1988.??.??"]
[EventType "swiss"]
[EventRounds "10"]
[EventCountry "DEN"]
[SourceDate "2004.01.01"]

1. e4 e6 2. d4 a6 3. c4 b5 4. cxb5 axb5 5. Bxb5 Bb7 6. Nc3 Bb4 7. f3 Qh4+ 8.
Kf1 Ne7 9. Be3 f5 10. Qb3 Bxc3 11. bxc3 fxe4 12. Bxd7+ Kxd7 13. Qxb7 Nbc6 14.
Qb1 Nd5 15. Bf2 Qg5 16. fxe4 Nxc3 17. Nf3 Nxb1 18. Nxg5 Rhb8 19. g3 Nd2+ 20.
Kg2 h6 21. Nxe6 Kxe6 22. d5+ Ke5 23. dxc6 Nxe4 24. Rhf1 Rb2 25. Kg1 Raxa2 26.
Rxa2 Rxa2 27. Be3 g5 28. Rf7 Re2 29. Ba7 Kd6 30. Bb8 Kxc6 31. Rxc7+ Kd5 32.
Rd7+ Ke6 33. Rh7 Nd2 34. Rxh6+ Kf5 35. h3 Nf3+ 36. Kf1 Rb2 37. g4+ Ke4 38. Re6+
Kd5 39. Rd6+ Ke4 40. Re6+ Kd5 1/2-1/2

[Event "10. Copenhagen Open"]
[Site "Copenhagen"]
[Date "1988.??.??"]
[Round "1"]
[White "Pieniazek, Artur"]
[Black "Karsa, Laszlo"]
[Result "1/2-1/2"]
[WhiteElo "2275"]
[BlackElo "2400"]
[PlyCount "81"]
[EventDate "1988.??.??"]
[EventType "swiss"]
[EventRounds "10"]
[EventCountry "DEN"]
[SourceDate "2004.01.01"]

1. d4 Nf6 2. c4 g6 3. Nf3 Bg7 4. g3 O-O 5. Bg2 d5 6. cxd5 Nxd5 7. O-O c5 8.
dxc5 Na6 9. Ng5 e6 10. Ne4 Bd7 11. Nbc3 Bc6 12. Bg5 f6 13. Bd2 f5 14. Ng5 Nxc3
15. bxc3 Bxg2 16. Kxg2 Qd5+ 17. Kg1 h6 18. Nf3 Nxc5 19. Qc1 Kh7 20. Rb1 b6 21.
c4 Qe4 22. Be3 Na4 23. Rb3 Rac8 24. Qa3 Nc5 25. Bxc5 Rxc5 26. Qxa7 Qxc4 27.
Qxb6 Rc6 28. Qe3 f4 29. gxf4 Rxf4 30. Ne5 Bxe5 31. Qxe5 g5 32. Rd1 Rc7 33. Rd8
Rg7 34. Rc3 Rg4+ 35. Rg3 Re4 36. Qb8 Qc1+ 37. Kg2 Qc6 38. Rh8+ Kg6 39. Qe8+
Qxe8 40. Rxe8 Rxe2 41. Re3 1/2-1/2

[Event "10. Copenhagen Open"]
[Site "Copenhagen"]
[Date "1988.??.??"]
[Round "1"]
[White "Salanki, Endre"]
[Black "Groszpeter, Attila"]
[Result "0-1"]
[WhiteElo "2335"]
[BlackElo "2495"]
[PlyCount "86"]
[EventDate "1988.??.??"]
[EventType "swiss"]
[EventRounds "10"]
[EventCountry "DEN"]
[SourceDate "2004.01.01"]

1. c4 e6 2. e3 d5 3. Nf3 c5 4. cxd5 exd5 5. d4 Nf6 6. Nc3 a6 7. a3 c4 8. Be2
Nc6 9. b3 b5 10. Ne5 Na5 11. bxc4 dxc4 12. Bf3 Rb8 13. Bc6+ Bd7 14. Qf3 Nxc6
15. Nxc6 Bxc6 16. Qxc6+ Qd7 17. Qxa6 Nd5 18. Nxd5 Qxd5 19. O-O Be7 20. Qa7 Bd6
21. Bb2 O-O 22. Qa5 Ra8 23. Qc3 f5 24. Rfe1 Rf6 25. f3 Rh6 26. h3 Re6 27. e4
fxe4 28. fxe4 Rxe4 29. Rxe4 Qxe4 30. d5 Ra7 31. Re1 Qxd5 32. Kh1 Rf7 33. Re8+
Bf8 34. Qb4 Rf1+ 35. Kh2 Rf7 36. Rxf8+ Rxf8 37. Qe1 Qd6+ 38. Kh1 Rd8 39. Qc3
Qd1+ 40. Kh2 Qd6+ 41. Kh1 Qg6 42. Qe5 Rd1+ 43. Kh2 Qd6 0-1

[Event "10. Copenhagen Open"]
[Site "Copenhagen"]
[Date "1988.??.??"]
[Round "1"]
[White "Sarosi, Zoltan"]
[Black "Levitt, Jonathan"]
[Result "0-1"]
[WhiteElo "2315"]
[BlackElo "2440"]
[PlyCount "86"]
[EventDate "1988.??.??"]
[EventType "swiss"]
[EventRounds "10"]
[EventCountry "DEN"]
[SourceDate "2004.01.01"]

1. d4 Nf6 2. c4 e6 3. Nc3 Bb4 4. e3 b6 5. Nge2 Ba6 6. a3 Bxc3+ 7. Nxc3 d5 8. b3
O-O 9. Be2 dxc4 10. bxc4 Nc6 11. Qa4 Na5 12. O-O Qd7 13. Nb5 Ne4 14. Qc2 Nd6
15. a4 Rfc8 16. Rb1 Ndxc4 17. Bxc4 Nxc4 18. Qxc4 c6 19. Qd3 cxb5 20. axb5 Bb7
21. Bb2 a6 22. Rfc1 axb5 23. Rxc8+ Rxc8 24. Rc1 Rxc1+ 25. Bxc1 Qc6 26. Qf1 b4
27. Bb2 Qc2 28. Qc1 Qxc1+ 29. Bxc1 Kf8 30. Bd2 b3 31. Bc3 Ke7 32. f3 Kd6 33. e4
f5 34. exf5 exf5 35. Kf2 Kd5 36. Ke3 g5 37. g3 Kc4 38. Bb2 f4+ 39. gxf4 gxf4+
40. Ke2 h5 41. h4 Bd5 42. Ba1 b5 43. Bb2 b4 0-1

[Event "10. Copenhagen Open"]
[Site "Copenhagen"]
[Date "1988.??.??"]
[Round "1"]
[White "Siklosi, Zoltan"]
[Black "Westerinen, Heikki"]
[Result "0-1"]
[WhiteElo "2265"]
[BlackElo "2395"]
[PlyCount "58"]
[EventDate "1988.??.??"]
[EventType "swiss"]
[EventRounds "10"]
[EventCountry "DEN"]
[SourceDate "2004.01.01"]

1. e4 e5 2. Nf3 f5 3. Nxe5 Qf6 4. Nc4 fxe4 5. Nc3 Qg6 6. d3 Bb4 7. Bd2 Bxc3 8.
Bxc3 Nf6 9. Bxf6 gxf6 10. dxe4 Qxe4+ 11. Be2 Qxg2 12. Bf3 Qg5 13. Qe2+ Kd8 14.
Ne3 Qa5+ 15. c3 d6 16. Rg1 Nc6 17. Bd5 Ne5 18. O-O-O Bd7 19. Rg7 c6 20. Bb3 Qc5
21. Nc4 Kc7 22. Rxd6 Rad8 23. Rxf6 Rhe8 24. Nd6 Rf8 25. Ne4 Qa5 26. Qd2 Kc8 27.
Rxf8 Rxf8 28. Qd6 Rd8 29. Nc5 Qxc5 0-1

[Event "10. Copenhagen Open"]
[Site "Copenhagen"]
[Date "1988.??.??"]
[Round "1"]
[White "Sorensen, Bent"]
[Black "Davies, Nigel"]
[Result "0-1"]
[WhiteElo "2320"]
[BlackElo "2450"]
[PlyCount "62"]
[EventDate "1988.??.??"]
[EventType "swiss"]
[EventRounds "10"]
[EventCountry "DEN"]
[SourceDate "2004.01.01"]

1. g3 g6 2. Bg2 Bg7 3. Nf3 c5 4. O-O Nc6 5. d3 e6 6. e4 Nge7 7. Nc3 d6 8. Be3
Nd4 9. Qd2 Qa5 10. Ne1 O-O 11. f4 Bd7 12. Qf2 Bc6 13. Nd1 f5 14. b4 Qd8 15. Rb1
e5 16. c3 exf4 17. gxf4 Ne6 18. b5 Bd7 19. e5 dxe5 20. fxe5 Bxe5 21. Bxc5 Bxh2+
22. Kxh2 Qc7+ 23. Kg1 Nxc5 24. Ne3 Rae8 25. Qd2 f4 26. Nc4 Be6 27. b6 axb6 28.
Nxb6 Rd8 29. d4 Bf5 30. Rb2 Ne4 31. Qxf4 Qxc3 0-1

[Event "10. Copenhagen Open"]
[Site "Copenhagen"]
[Date "1988.??.??"]
[Round "2"]
[White "Berg, Klaus"]
[Black "Jacobsen, Bo"]
[Result "1-0"]
[WhiteElo "2370"]
[BlackElo "2280"]
[PlyCount "97"]
[EventDate "1988.??.??"]
[EventType "swiss"]
[EventRounds "10"]
[EventCountry "DEN"]
[SourceDate "2004.01.01"]

1. d4 Nf6 2. Nc3 d5 3. Bg5 Nbd7 4. Nf3 h6 5. Bh4 e6 6. e4 Be7 7. exd5 Nxd5 8.
Bxe7 Qxe7 9. Qd2 Nxc3 10. Qxc3 c5 11. O-O-O O-O 12. Bb5 cxd4 13. Qxd4 Nf6 14.
Ne5 b6 15. Bc6 Bb7 16. Qd6 Qxd6 17. Rxd6 Bxc6 18. Nxc6 Ne4 19. Rd4 Nf6 20. Rhd1
g5 21. b4 b5 22. Kb2 Rfe8 23. Kb3 a6 24. a4 Kg7 25. c4 e5 26. Rd8 bxc4+ 27.
Kxc4 Ng4 28. b5 axb5+ 29. axb5 Nxf2 30. Rxe8 Rxe8 31. Re1 e4 32. b6 Nd3 33. Re3
Ne5+ 34. Nxe5 Rxe5 35. b7 Re8 36. Rb3 Rb8 37. g4 h5 38. Kd4 hxg4 39. Kxe4 Kg6
40. Rb6+ f6 41. Kd5 Kf5 42. Rb4 Kg6 43. Kc6 f5 44. Kc7 Rxb7+ 45. Rxb7 f4 46.
Kd6 Kf5 47. Rb5+ Ke4 48. Rxg5 Kf3 49. Ke5 1-0

[Event "10. Copenhagen Open"]
[Site "Copenhagen"]
[Date "1988.??.??"]
[Round "2"]
[White "Brinck Claussen, Bjorn"]
[Black "Bergmann, Jesper"]
[Result "1/2-1/2"]
[WhiteElo "2370"]
[BlackElo "2245"]
[PlyCount "40"]
[EventDate "1988.??.??"]
[EventType "swiss"]
[EventRounds "10"]
[EventCountry "DEN"]
[SourceDate "2004.01.01"]

1. d4 d5 2. c4 c6 3. Nf3 Nf6 4. Nc3 dxc4 5. a4 Bf5 6. e3 e6 7. Bxc4 Bb4 8. O-O
Nbd7 9. Qe2 Bg6 10. h3 O-O 11. Ne5 Nxe5 12. dxe5 Bxc3 13. bxc3 Ne4 14. Qe1 Qa5
15. f3 Qxc3 16. Qxc3 Nxc3 17. Bd2 Nxa4 18. Rxa4 b5 19. Ra6 bxc4 20. e4 f5
1/2-1/2

[Event "10. Copenhagen Open"]
[Site "Copenhagen"]
[Date "1988.??.??"]
[Round "2"]
[White "Callergard, Robert"]
[Black "Hartung Nielsen, Jens"]
[Result "1-0"]
[WhiteElo "2340"]
[BlackElo "2270"]
[PlyCount "89"]
[EventDate "1988.??.??"]
[EventType "swiss"]
[EventRounds "10"]
[EventCountry "DEN"]
[SourceDate "2004.01.01"]

1. d4 d5 2. Nf3 c5 3. c4 e6 4. cxd5 exd5 5. g3 Nc6 6. Bg2 c4 7. O-O Bb4 8. Bd2
Bxd2 9. Qxd2 Nf6 10. Nc3 O-O 11. Ne5 Re8 12. f4 Bf5 13. Rad1 Rc8 14. h3 h5 15.
Kh2 g6 16. Nxd5 Nxd5 17. e4 Nce7 18. Rfe1 b5 19. exf5 Nxf5 20. Be4 Nfe7 21. f5
Kg7 22. fxg6 fxg6 23. Qg5 Qd6 24. Nxg6 Qf6 25. Qxf6+ Nxf6 26. Nxe7 Rxe7 27. Bf3
Rxe1 28. Rxe1 b4 29. Kg2 c3 30. bxc3 bxc3 31. Kf2 Kf7 32. g4 hxg4 33. hxg4 Rd8
34. Ke3 Re8+ 35. Kf2 Rd8 36. g5 Nd5 37. Rc1 Nb4 38. Rxc3 Rxd4 39. Bh5+ Kg8 40.
Rc8+ Kg7 41. Rc7+ Kh8 42. g6 Nxa2 43. Ke3 Rd8 44. Be2 Re8+ 45. Kf3 1-0

[Event "10. Copenhagen Open"]
[Site "Copenhagen"]
[Date "1988.??.??"]
[Round "2"]
[White "Conquest, Stuart"]
[Black "Schulz, Klaus Jurgen"]
[Result "1-0"]
[WhiteElo "2315"]
[BlackElo "2345"]
[PlyCount "73"]
[EventDate "1988.??.??"]
[EventType "swiss"]
[EventRounds "10"]
[EventCountry "DEN"]
[SourceDate "2004.01.01"]

1. d4 Nf6 2. c4 e6 3. Nc3 d5 4. cxd5 exd5 5. Bg5 c6 6. Qc2 Na6 7. e3 Nc7 8. Bd3
Be7 9. Nge2 Be6 10. f3 Qd7 11. O-O h6 12. Bh4 O-O 13. Bf2 Rad8 14. Rad1 Nfe8
15. Na4 Nd6 16. Nc5 Qe8 17. e4 Bc8 18. Rfe1 b6 19. Nb3 Qd7 20. Ng3 Ne6 21. e5
Ne8 22. Be3 Bg5 23. Qc1 Bxe3+ 24. Qxe3 Qe7 25. Rc1 Bb7 26. f4 N6c7 27. Bb1 Kh8
28. Qd3 g6 29. f5 Rg8 30. f6 Qf8 31. h4 Ne6 32. h5 Nf4 33. Qd2 Ne6 34. Kf2 Rd7
35. Rh1 gxh5 36. Rxh5 Rg5 37. Rch1 1-0

[Event "10. Copenhagen Open"]
[Site "Copenhagen"]
[Date "1988.??.??"]
[Round "2"]
[White "Groszpeter, Attila"]
[Black "Hansen, Lars Bo"]
[Result "1/2-1/2"]
[WhiteElo "2495"]
[BlackElo "2365"]
[PlyCount "125"]
[EventDate "1988.??.??"]
[EventType "swiss"]
[EventRounds "10"]
[EventCountry "DEN"]
[SourceDate "2004.01.01"]

1. d4 e6 2. c4 Bb4+ 3. Nc3 b6 4. e3 Bb7 5. Nge2 f5 6. a3 Be7 7. d5 Nf6 8. Nd4
Qc8 9. Be2 O-O 10. O-O c6 11. Bf3 c5 12. Nde2 e5 13. g3 d6 14. e4 Ba6 15. Qd3
Nbd7 16. b3 fxe4 17. Nxe4 Nxe4 18. Bxe4 Nf6 19. Bf5 Qe8 20. Nc3 Qh5 21. f4 Kh8
22. fxe5 dxe5 23. Ra2 Bd6 24. Raf2 Rae8 25. Ne4 Nxe4 26. Bxe4 Bc8 27. Rxf8+
Rxf8 28. Rxf8+ Bxf8 29. Qf1 Bd6 30. Be3 Kg8 31. a4 a5 32. Bf2 g6 33. Qd3 Bf5
34. Qe3 Bh3 35. Bf3 Qf5 36. Qe4 Qf6 37. Be3 Bf5 38. Qh4 Qxh4 39. gxh4 Bc2 40.
Bg5 Bxb3 41. Bd8 Bxa4 42. Bxb6 Bb3 43. Bxa5 Bxc4 44. Kf2 h5 45. Ke3 Kf7 46. Bg2
Bb3 47. Kd2 Ba2 48. Be4 Bc4 49. Bg2 e4 50. Bxe4 Bxh2 51. Kc3 Bf1 52. Bd3 Bxd3
53. Kxd3 Ke7 54. Be1 Kf6 55. Bf2 Bd6 56. Kc4 Kf7 57. Kb5 Be7 58. Be1 Kf6 59.
Kc6 Ke5 60. d6 Bxd6 61. Bg3+ Kf5 62. Kxd6 Kg4 63. Be1 1/2-1/2